| 000 | 00451nam a2200145Ia 4500 | ||
|---|---|---|---|
| 008 | 100415s9999 xx 000 0 und d | ||
| 082 |
_b18748 _a630 |
||
| 100 | _aPILLAI G.M. | ||
| 245 | _aChallenges of Agriculture in the 21st Century | ||
| 260 |
_aPUNE _c1999 _bMAHARASHTRA COUNCIL OF AGRICUL |
||
| 365 | _b400 | ||
| 630 | _aChallenges of Agriculture in the 21st Century | ||
| 730 | _aChallenges of Agriculture in the 21st Century | ||
| 942 | _cBOOK | ||
| 999 |
_c601645 _d601642 |
||